| 000 | 01167cam a2200349 a 4500 | ||
|---|---|---|---|
| 001 | 2640 | ||
| 003 | FISKH | ||
| 005 | 20240108101320.0 | ||
| 008 | 961210s1997 nyu c 000 1 eng | ||
| 010 | _a 96040344 | ||
| 020 | _a0590360809 | ||
| 020 | _a9780590371254 | ||
| 040 |
_aDLC _cDLC _dDLC _beng |
||
| 042 | _alcac | ||
| 050 | 0 | 0 |
_aPZ7.5.H49 _bOu 2004 |
| 082 | 0 | 0 |
_a[Fic] _221 |
| 100 | 1 | _aHesse, Karen. | |
| 245 | 1 | 0 |
_aOut of the dust / _cKaren Hesse. |
| 250 | _aFirst Scholastic paperback printing, January 1999 | ||
| 260 |
_aNew York : _bScholastic, _c1997 |
||
| 300 |
_a227 pages ; _c20 cm |
||
| 520 | _aIn a series of poems, fifteen-year-old Billie Jo relates the hardships of living on her family's wheat farm in Oklahoma during the dust bowl years of the Depression. | ||
| 586 | _aNewbery Medal, 1998. | ||
| 650 | 1 | _aNovels in verse. | |
| 650 | 1 |
_aDust Bowl Era, 1931-1939 _vFiction. |
|
| 650 | 1 |
_aFarm life _zOklahoma _vFiction. |
|
| 650 | 1 |
_aDepressions _y1929 _vFiction. |
|
| 650 | 1 |
_aPoetry _vFiction. |
|
| 651 | 1 |
_aOklahoma _xHistory _y20th century _vFiction. |
|
| 906 |
_a7 _bcbc _corignew _d1 _eocip _f19 _gy-gencatlg |
||
| 942 |
_2ddc _cBK _n0 |
||
| 999 |
_c2640 _d2640 |
||